Novak Djokovic - Route to the 2014 Wimbledon Trophy - Statistics

General Stats
  • This quiz has been taken 11 times
  • The average score is 5 of 7
Answer Stats
Round Result Country Opponent % Correct
SF 3:1 (6:4,3:6,7:6,7:6) Bulgaria Grigor Dimitrov
100%
QF 3:2 (6:1,3:6,6:7,6:2,6:2) Croatia Marin Čilić
100%
F 3:2 (6:7,6:4,7:6,5:7,6:4) Switzerland Roger Federer
100%
R32 3:0 (6:4,6:2,6:4) France Gilles Simon
73%
R16 3:0 (6:3,6:4,7:6) France Jo-Wilfried Tsonga
64%
R64 3:1 (6:4,6:3,6:7,7:6) Czech Republic Radek Štepanek
64%
R128 3:0 (6:0,6:1,6:4) Kazakhstan Andrey Golubev
27%
No matching quizzes found
Score Distribution
Percent of People with Each Score
Percentile by Number Answered
Your Score History
You have not taken this quiz